United States Copa America 2016 Full Squad - Statistics

General Stats
  • This quiz has been taken 33 times
  • The average score is 14 of 23
Answer Stats
# Pos Player % Correct
12 GK Tim Howard
95%
8 ST Clint Dempsey
91%
4 MF Michael Bradley
91%
6 DF John Brooks
82%
1 GK Brad Guzan
77%
17 MF Christian Pulisic
77%
2 DF DeAndre Yedlin
73%
23 DF Fabian Johnson
73%
20 DF Geoff Cameron
73%
9 ST Gyasi Zardes
73%
13 MF Jermaine Jones
73%
11 MF Alejandro Bedoya
68%
19 MF Graham Zusi
64%
5 DF Matt Besler
59%
15 MF Kyle Beckerman
55%
7 ST Bobby Wood
50%
18 ST Chris Wondolowski
45%
10 MF Darlington Nagbe
45%
21 DF Timmy Chandler
45%
3 DF Steve Birnbaum
41%
14 DF Michael Orozco
36%
22 GK Ethan Horvath
27%
16 MF Perry Kitchen
18%
No matching quizzes found
Score Distribution
Percent of People with Each Score
Percentile by Number Answered
Your Score History
You have not taken this quiz